Normal view
MARC view
Entry Personal Name
001 - CONTROL NUMBER
- control field: 262904
003 - CONTROL NUMBER IDENTIFIER
- control field: OSt
005 - DATE AND TIME OF LATEST TRANSACTION
- control field: 20260427151954.0
008 - FIXED-LENGTH DATA ELEMENTS
- fixed length control field: 260427|| aca||aabn | a|a d
040 ## - CATALOGING SOURCE
- Original cataloging agency: OSt
- Transcribing agency: OSt
100 ## - HEADING--PERSONAL NAME
- Personal name: HOLLA VIDVAN (D V).
- Dates associated with a name: ವಿದ್ವಾನ್ ಡಿ. ವಿ. ಹೊಳ್ಳ
670 ## - SOURCE DATA FOUND
- Source citation: Work cat.: (OSt)91855: HOLLA VIDVAN (D V). ವಿದ್ವಾನ್ ಡಿ. ವಿ. ಹೊಳ್ಳ, Kuvalayashva Vijaya., 1978